书目信息 |
| 题名: |
表面处理
|
|
| 作者: | ;《表面处理》编写组 编 | |
| 分册: | 上册 | |
| 出版信息: | 北京 国防工业出版社 1973 |
|
| 页数: | 230页 | |
| 开本: | 20cm | |
| 丛书名: | ||
| 单 册: | ||
| 中图分类: | TG17 | |
| 科图分类: | ||
| 主题词: | 腐蚀 , 金属表面 , 金属表面清理 | |
| 电子资源: | ||
| ISBN: | ||
| 000 | 00675nam0 2200241 450 | |
| 001 | 0562059477 | |
| 005 | 20060405144745.53 | |
| 010 | @dCNY0.48 | |
| 091 | @a15034.1304 | |
| 100 | @a20051220d1973 km y0chiy0120 ea | |
| 101 | 0 | @achi |
| 102 | @aCN@b110000 | |
| 102 | @aCN@b110000 | |
| 200 | 1 | @a表面处理@Abiao mian chu li@h上册@f《表面处理》编写组编@F《biao mian chu li》bian xie zu bian |
| 210 | @a北京@c国防工业出版社@d1973 | |
| 215 | 1 | @a230页@d20cm |
| 606 | 0 | @a腐蚀 |
| 606 | 0 | @a金属表面 |
| 606 | 0 | @a金属表面清理 |
| 690 | @aTG17@v4 | |
| 711 | 0 | @a《表面处理》编写组@A《biao mian chu li》bian xie zu@4编 |
| 801 | 0 | @aCN@bPFT@c20060405 |
| 905 | @a10447@dTG17@e2:1 | |
| 表面处理.上册/《表面处理》编写组编.-北京:国防工业出版社,1973 |
| 230页;20cm |
| ISBN :CNY0.48 |
| ● |
| 相关链接 |
|
|
|
|
正题名:表面处理
索取号:TG17/2:1
 
预约/预借
| 序号 | 登录号 | 条形码 | 馆藏地/架位号 | 状态 | 备注 |
| 1 | 0016866 | 202209207 | 密集书库/ [索取号:TG17/2:1] | 在馆 | |
| 2 | 0016868 | 202179123 | 密集书库/ [索取号:TG17/2:1] | 在馆 |